| 000 | 01221nam a22002777a 4500 | ||
|---|---|---|---|
| 005 | 20170124102935.0 | ||
| 010 | _aB-170133 | ||
| 020 |
_c500.00 _a8188134392 |
||
| 035 | _aB-170133 | ||
| 037 | _bCen Lib/Ret | ||
| 040 |
_aDPL _bHN |
||
| 082 |
_a782.50954 _bकालिया |
||
| 100 |
_aकालिया शशि _93694 |
||
| 245 |
_aभारत में समूह गान : _cशशि कालिया _bपरम्परा एवं स्वरुप |
||
| 246 |
_abharat me samuh gaan :prampra evam swarup _bby Shashi Kalia |
||
| 260 |
_aनई दिल्ली _bसत्यम पब्लिशिंग हाउस _c2005 |
||
| 270 |
_aएन.3/25,मोहन गार्डन _bनई दिल्ली _e110059 |
||
| 300 |
_a280पृष्ठ. _c21सेमी (सजिल्द ) |
||
| 500 | _aसहायक ग्रन्थ सूची शामिल | ||
| 650 |
_aभारतीय संगीत _9779 |
||
| 650 |
_aसमूहगान -सामूहिकता _91227 |
||
| 650 |
_aIndian Music _924925 |
||
| 650 |
_agroup song-samuhikta _946309 |
||
| 700 | _945979 | ||
| 942 |
_2ddc _cHN _h782.50954 _mकालिया |
||
| 999 |
_c112201 _d112201 |
||